000 00420nam a2200181 a 4500
001 23294
003 CO-ViMGA
008 141112s2004 ck r 000 u spa d
020 _a97068766140
040 _aCO-ViMGA
_bspa
_cCO-ViMGA
082 0 4 _a530 O215f
100 1 _aOcampo Oscar
_933560
245 1 0 _aFisica general
260 _aMéxico :
_bThomson
300 _a250p.
650 1 4 _aFISICA
_910460
942 _2ddc
_cBK
999 _c31516
_d31516